Elenca la formazione - Quiz n°58 - Statistics

Statistiche generali
  • Questo quiz è stato fatto 42 volte
  • Il punteggio medio è 8 su 11
Statistiche sulle risposte
Ruolo Nazione Calciatore % Corretto
Ala Paesi Bassi Arjen Robben
100%
Portiere Germania Manuel Neuer
100%
Trequartista Germania Thomas Müller
100%
Ala Francia Franck Ribéry
97%
Difensore Germania Philipp Lahm
90%
Attaccante Germania Mario Gómez
84%
Centrocampista Germania Bastian Schweinsteiger
77%
Difensore Germania Jérôme Boateng
77%
Centrocampista Germania Toni Kroos
58%
Difensore Ucraina Anatoliy Tymoshchuk
26%
Difensore Germania Diego Contento
23%
Nessun quiz corrispondente trovato
Distribuzione punteggi
Percentuale di utenti per punteggio
Percentile per numero di risposta
I tuoi punteggi nel tempo
Non hai fatto questo quiz